2025-26 CFB Top 10 Offenses - Statistics

General Stats
  • This quiz has been taken 16 times
  • The average score is 4 of 10
Answer Stats
Rank Conference Team % Correct
2 SEC Ole Miss
64%
10 Big 12 Texas Tech
64%
1 American North Texas
45%
7 SEC Tennessee
45%
8 Big 10 USC
45%
3 American South Florida
27%
9 SEC Vanderbilt
27%
4 Big 12 Utah
18%
6 ACC Florida State
9%
5 Sun Belt Texas State
9%
No matching quizzes found
Score Distribution
Percent of People with Each Score
Percentile by Number Answered
Your Score History
You have not taken this quiz